[Event "Znojemska Rotunda Open 2024 - turnaj A"]
[Site "Loucky klaster ve Znojme – Klasterni, 671 81 Znojmo (stukove saly)"]
[Date "2024.06.27"]
[Round "6.5"]
[White "Buchta, Vaclav"]
[Black "Svoboda, Frantisek"]
[Result "0-1"]
[WhiteFideId "23739118"]
[BlackFideId "348937"]
[WhiteElo "2099"]
[BlackElo "1753"]
[EventDate "2024.06.23"]

1. e4 d6 2. d4 e5 3. dxe5 Nc6 4. exd6 Bxd6 5. Nf3 Bg4 6. Be2 Qe7 7. Nc3 O-O-O
8. Bd2 Bxf3 9. Bxf3 Bf4 10. Bxf4 Rxd1+ 11. Rxd1 Nf6 12. O-O Ne5 13. Be2 Ng6 14.
Bg3 a6 15. Rfe1 h5 16. e5 Ne4 17. Nxe4 h4 18. Bg4+ Kb8 19. Rd7 Qb4 20. c3 Qxb2
21. f4 hxg3 22. hxg3 Qb6+ 23. Nf2 Qc5 24. Bf3 Ne7 25. Rb1 b6 26. Rbd1 Kc8 27.
Bg4 Kb7 28. Bf3+ Kc8 29. R7d4 Qxc3 30. Rd7 Qc5 31. Bg4 Kb7 32. Bf3+ Kc8 33. a4
a5 34. Bg4 Kb7 35. Bf3+ Kc8 36. R7d4 Nc6 37. Rd5 Qc2 38. Rd7 Qc4 39. Bd5 Qxa4
40. Bxf7 Nxe5 41. fxe5 Qxd7 42. Rxd7 Kxd7 43. Nd3 Rf8 44. Bc4 c6 45. Nf4 b5 46.
Be6+ Kc7 47. Ba2 Kb6 48. e6 a4 49. e7 Re8 50. Ng6 a3 51. Kf2 c5 52. Ke3 c4 53.
Kd4 Kc6 54. g4 Kd6 55. Bb1 Rc8 56. Bf5 a2 57. Bxc8 a1=Q+ 58. Ke3 Qe1+ 59. Kf4
Qf2+ 60. Kg5 Qe3+ 61. Nf4 Qxe7+ 62. Kh5 Qe8+ 0-1

[Event "Znojemska Rotunda Open 2024 - turnaj A"]
[Site "Loucky klaster ve Znojme – Klasterni, 671 81 Znojmo (stukove saly)"]
[Date "2024.06.27"]
[Round "6.6"]
[White "Molik, Jakub"]
[Black "Dvorak, Libor"]
[Result "0-1"]
[WhiteFideId "23732687"]
[BlackFideId "316598"]
[WhiteElo "1657"]
[BlackElo "1990"]
[EventDate "2024.06.23"]

1. e4 Nc6 2. d4 d5 3. exd5 Qxd5 4. Nc3 Qxd4 5. Be3 Qxd1+ 6. Rxd1 Bd7 7. Bc4 e6
8. Nf3 Bb4 9. O-O Bxc3 10. bxc3 Nf6 11. Rb1 b6 12. Bd3 O-O 13. Rfd1 Rad8 14. c4
e5 15. Ng5 h6 16. Ne4 Ng4 17. Bd2 f5 18. Nc3 Nd4 19. f3 Nf6 20. Nd5 e4 21.
Nxf6+ Rxf6 22. fxe4 fxe4 23. Bxe4 Bg4 24. Bd5+ Kh8 25. Rf1 c6 26. Rxf6 gxf6 27.
c3 Ne2+ 28. Kf2 cxd5 29. h3 Bh5 30. g4 Bg6 31. Re1 Bd3 32. cxd5 Rxd5 33. Rxe2
Bxe2 34. Kxe2 h5 35. Be3 hxg4 36. hxg4 Ra5 37. Bd4 Rxa2+ 38. Kd3 Rg2 39. g5 Kg7
40. gxf6+ Kf7 41. Kc4 Rg5 42. Kb4 Ke6 43. Kc4 Rf5 44. Kb4 Kd6 45. Kc4 Kc6 46.
Kb4 a5+ 47. Ka4 Rf4 48. Kb3 b5 49. Ka3 Kd5 50. Kb3 Rxd4 51. cxd4 Ke6 0-1

[Event "Znojemska Rotunda Open 2024 - turnaj A"]
[Site "Loucky klaster ve Znojme – Klasterni, 671 81 Znojmo (stukove saly)"]
[Date "2024.06.27"]
[Round "6.7"]
[White "Mayer, Josef"]
[Black "Hemala, Lubos"]
[Result "1-0"]
[WhiteFideId "310972"]
[BlackFideId "336564"]
[WhiteElo "1927"]
[BlackElo "1907"]
[EventDate "2024.06.23"]

1. c4 Nf6 2. Nc3 c5 3. g3 Nc6 4. Bg2 d6 5. Nf3 e5 6. d3 h6 7. O-O Be7 8. Ne1 g5
9. Nc2 Be6 10. Ne3 Qd7 11. Ned5 Bd8 12. e3 Bh3 13. f4 Bxg2 14. Kxg2 Nxd5 15.
cxd5 Ne7 16. fxe5 dxe5 17. e4 Ng6 18. Be3 Rc8 19. Qh5 a6 20. Rf5 Qd6 21. Raf1
Rc7 22. Qg4 O-O 23. h4 f6 24. Qh5 Kg7 25. Nd1 Rh8 26. Bc1 c4 27. Ne3 cxd3 28.
R5f2 Qf8 29. Nf5+ Kf7 30. Qd1 Qb4 31. Qxd3 gxh4 32. a3 Qf8 33. d6 Rd7 34. Qd5+
Ke8 35. Qe6+ Be7 36. dxe7 Nxe7 37. Nd6+ Kd8 38. Nf7+ Kc8 39. Nxh8 Qxh8 40. Rd2
 1-0

[Event "Znojemska Rotunda Open 2024 - turnaj A"]
[Site "Loucky klaster ve Znojme – Klasterni, 671 81 Znojmo (stukove saly)"]
[Date "2024.06.27"]
[Round "6.8"]
[White "Praveen, K B"]
[Black "Glacner, Karel"]
[Result "1-0"]
[WhiteFideId "25618920"]
[BlackFideId "326020"]
[WhiteElo "1771"]
[BlackElo "1646"]
[EventDate "2024.06.23"]

1. d4 Nf6 2. Bf4 Nh5 3. Bg3 Nxg3 4. hxg3 e5 5. dxe5 Bb4+ 6. c3 Bc5 7. e3 Nc6 8.
Nf3 Qe7 9. Qd5 d6 10. Bb5 Bd7 11. exd6 cxd6 12. Nd4 Bxd4 13. cxd4 Rc8 14. Nc3
Be6 15. Qe4 f5 16. Qf3 O-O 17. Bxc6 bxc6 18. O-O g5 19. Rfd1 g4 20. Qf4 Rf6 21.
d5 Bd7 22. dxc6 Bxc6 23. Nd5 Bxd5 24. Rxd5 Qd7 25. Rad1 Rd8 26. e4 Qc8 27. Rxf5
Rdf8 28. Rxf6 Rxf6 29. Qxf6 Qc2 30. Rxd6 Qc1+ 31. Kh2 1-0

[Event "Znojemska Rotunda Open 2024 - turnaj A"]
[Site "Loucky klaster ve Znojme – Klasterni, 671 81 Znojmo (stukove saly)"]
[Date "2024.06.27"]
[Round "6.9"]
[White "Marek, Jakub"]
[Black "Mikolas, Jakub"]
[Result "0-1"]
[WhiteFideId "350702"]
[BlackFideId "23767839"]
[WhiteElo "1932"]
[BlackElo "1708"]
[EventDate "2024.06.23"]
[PlyCount "100"]

1. d4 Nf6 2. c4 e6 3. Nf3 b6 4. a3 Be7 5. Nc3 Bb7 6. d5 O-O 7. e4 d6 8. Bd3
Nbd7 9. b4 c6 10. Bb2 h6 11. dxc6 Bxc6 12. Nd4 Ne5 13. Nxc6 Nxc6 14. O-O Rc8
15. f4 a5 16. Na2 Nd7 17. Bxg7 Kxg7 18. Qg4+ Kh8 19. Qh5 Kg7 20. Rf3 Rh8 21. e5
Kf8 22. Raf1 Ke8 23. Bg6 Rf8 24. Bxf7+ Rxf7 25. f5 Nf8 26. fxe6 Nxe6 27. Qxf7+
Kd7 28. Rf6 Qg8 29. exd6 Qxf7 30. Rxf7 Kxd6 31. Rd1+ Ncd4 32. Nc3 Rxc4 33. Nb5+
Kd7 34. Nxd4 Rxd4 35. Rxd4+ Nxd4 36. Rh7 axb4 37. axb4 Nc6 38. Rxh6 Nxb4 39. h4
Nd5 40. g4 Ke8 41. Kf2 Kf7 42. Kf3 Kg7 43. g5 Bc5 44. Ke4 Ne7 45. Re6 Kf7 46.
Rf6+ Kg7 47. h5 Ng8 48. h6+ Kh8 49. Kf5 Nxf6 50. Kxf6 Be3 0-1

[Event "Znojemska Rotunda Open 2024 - turnaj A"]
[Site "Loucky klaster ve Znojme – Klasterni, 671 81 Znojmo (stukove saly)"]
[Date "2024.06.28"]
[Round "7.1"]
[White "Sanket, Chakravarty"]
[Black "Zemlicka, Vit"]
[Result "1-0"]
[WhiteFideId "25032038"]
[BlackFideId "303143"]
[WhiteElo "2357"]
[BlackElo "1998"]
[EventDate "2024.06.23"]

1. e4 e5 2. Nf3 Nc6 3. Bc4 Nf6 4. d3 h6 5. O-O d6 6. a4 g6 7. a5 a6 8. Nc3 Bg7
9. h3 O-O 10. Be3 Ne7 11. d4 exd4 12. Bxd4 Nc6 13. Be3 Re8 14. Qd2 Be6 15. Bxe6
Rxe6 16. Bxh6 Nxe4 17. Nxe4 Rxe4 18. Ra3 Bxh6 19. Qxh6 Qf8 20. Qg5 Qe7 21. Qh6
Qf8 22. Qd2 Rb4 23. Re1 Re8 24. Rae3 Rxe3 25. Rxe3 Rb5 26. Qe1 Qg7 27. Re8+ Kh7
28. h4 Qxb2 29. Ng5+ Kg7 30. Rg8+ Kf6 31. Nh7+ Kf5 32. g4+ Kf4 33. Qe3+ Kxg4
34. Qe4+ 1-0

[Event "Znojemska Rotunda Open 2024 - turnaj A"]
[Site "Loucky klaster ve Znojme – Klasterni, 671 81 Znojmo (stukove saly)"]
[Date "2024.06.28"]
[Round "7.2"]
[White "Bures, Jaroslav"]
[Black "Adharsh, K"]
[Result "1-0"]
[WhiteFideId "322890"]
[BlackFideId "25718207"]
[WhiteElo "2418"]
[BlackElo "1927"]
[EventDate "2024.06.23"]

1. d4 Nf6 2. Bg5 g6 3. Nd2 Bg7 4. e3 O-O 5. Ngf3 d6 6. c3 Nbd7 7. Bc4 c5 8. O-O
a6 9. a4 b6 10. e4 Qc7 11. Re1 e5 12. dxe5 dxe5 13. Qb3 Bb7 14. h3 Bc6 15. Bd5
b5 16. axb5 axb5 17. Rxa8 Bxa8 18. Bxf6 Bxd5 19. exd5 Nxf6 20. Rxe5 Qd7 21. Nf1
Rd8 22. d6 Qxd6 23. Qxb5 Nd5 24. Re8+ Bf8 25. Rxd8 Qxd8 26. Qd3 Qd6 27. N1d2
Nf4 28. Qc4 Bh6 29. h4 Qd3 30. g3 Ne2+ 31. Kg2 Nc1 32. Qxd3 Nxd3 33. Nc4 Bc1
34. b3 f6 35. Kf1 Nb2 36. Nxb2 Bxb2 37. c4 Kf7 38. Ne1 Ke6 39. Nd3 Bd4 40. Ke2
Kd6 41. g4 Bc3 42. Ke3 Ba5 43. Ke4 Bd8 44. Kf4 Ba5 45. Ke3 Bc3 46. h5 Ba5 47.
hxg6 hxg6 48. Nf4 g5 49. Nd3 Bc3 50. Ke4 Ba1 51. f3 Bc3 52. Kf5 Kc6 53. Nf2 Kb6
54. Ne4 Bb2 55. Nxf6 Bc1 56. Ne4 Be3 57. Nxg5 Ka5 58. Ne6 Kb4 59. Ke4 1-0

[Event "Znojemska Rotunda Open 2024 - turnaj A"]
[Site "Loucky klaster ve Znojme – Klasterni, 671 81 Znojmo (stukove saly)"]
[Date "2024.06.28"]
[Round "7.4"]
[White "Vyskocil, Neklan"]
[Black "Buchta, Vaclav"]
[Result "1-0"]
[WhiteFideId "307106"]
[BlackFideId "23739118"]
[WhiteElo "2288"]
[BlackElo "2099"]
[EventDate "2024.06.23"]

1. Nf3 d5 2. d4 Nf6 3. c4 dxc4 4. e3 c5 5. Bxc4 cxd4 6. exd4 e6 7. O-O Be7 8.
Nc3 O-O 9. Qe2 Nbd7 10. Bg5 Nb6 11. Bb3 Nbd5 12. Rfe1 Nxc3 13. bxc3 Nd5 14. Bd2
Bf6 15. Ne5 Bd7 16. c4 Ne7 17. Rad1 Nc6 18. Bf4 g6 19. Bh6 Bg7 20. Bxg7 Kxg7
21. d5 Nxe5 22. dxe6 f6 23. exd7 Qc7 24. c5 Rad8 25. f4 Qxc5+ 26. Kh1 Nc6 27.
Qe6 a5 28. h3 f5 29. Rd6 Qc3 30. Red1 Rf6 31. Rxc6 Qxc6 32. Qe7+ Kh6 33. Qxd8
a4 34. Qxf6 1-0

[Event "Znojemska Rotunda Open 2024 - turnaj A"]
[Site "Loucky klaster ve Znojme – Klasterni, 671 81 Znojmo (stukove saly)"]
[Date "2024.06.28"]
[Round "7.5"]
[White "Svoboda, Frantisek"]
[Black "Praveen, K B"]
[Result "0-1"]
[WhiteFideId "348937"]
[BlackFideId "25618920"]
[WhiteElo "1753"]
[BlackElo "1771"]
[EventDate "2024.06.23"]

1. e4 c5 2. a3 e6 3. b4 cxb4 4. axb4 Bxb4 5. c3 Be7 6. d4 d5 7. e5 Nc6 8. Bd3
f5 9. Ne2 g6 10. O-O Bd7 11. Nf4 Bg5 12. Na3 a6 13. Re1 Bxf4 14. Bxf4 Nge7 15.
Bg5 O-O 16. Qf3 Qe8 17. Nc2 Rc8 18. Qh3 Rf7 19. c4 dxc4 20. Bxc4 Nxd4 21. Nxd4
Rxc4 22. Red1 Nd5 23. Qb3 Qc8 24. Ra5 b5 25. h4 h5 26. Qb2 Rf8 27. Rda1 Rb4 28.
Qd2 Qc4 29. Nf3 Bc8 30. Rc1 Qg4 31. Nh2 Qd4 32. Nf3 Qxd2 33. Bxd2 Rg4 34. g3
Bb7 35. Ng5 Re8 36. Ra3 Rd4 37. Nf3 Re4 38. Kf1 Rc8 39. Ng5 Rxc1+ 40. Bxc1 Rc4
41. Bd2 b4 42. Ra1 Rc2 43. Ke1 Bc8 44. Nf3 Rc4 45. Ke2 Kf7 46. Kd3 Rc5 47. Kd4
Rc6 48. Ra5 Ke7 49. Rc5 Kd7 50. Kc4 a5 51. Nd4 Ba6+ 52. Nb5 Nc7 0-1

[Event "Znojemska Rotunda Open 2024 - turnaj A"]
[Site "Loucky klaster ve Znojme – Klasterni, 671 81 Znojmo (stukove saly)"]
[Date "2024.06.28"]
[Round "7.6"]
[White "Manik, Mikulas"]
[Black "Mayer, Josef"]
[Result "1-0"]
[WhiteFideId "14900734"]
[BlackFideId "310972"]
[WhiteElo "2343"]
[BlackElo "1927"]
[EventDate "2024.06.23"]

1. e4 g6 2. d4 Bg7 3. Nc3 d6 4. Be3 Nf6 5. Qd2 c6 6. Nf3 b5 7. Bd3 O-O 8. h3 a6
9. O-O Bb7 10. e5 dxe5 11. dxe5 Nd5 12. Ne4 Nd7 13. e6 f5 14. exd7 fxe4 15.
Bxe4 Qxd7 16. Rad1 Qd6 17. Bh6 Qf6 18. Bxd5+ cxd5 19. Bxg7 Kxg7 20. Rfe1 e6 21.
Ne5 Rad8 22. Ng4 Qxb2 23. Rxe6 Rde8 24. Qh6+ Kg8 25. Nf6+ Qxf6 26. Rxf6 Rxf6
27. Rd2 Rf5 28. f3 Rh5 29. Qf4 Rf5 30. Qd6 Kf7 31. Kf2 Rf6 32. Qc7+ Re7 33. Qb8
Rfe6 34. Qh8 h5 35. Rd4 Rf6 36. Kg3 Ke6 37. Rf4 Rff7 38. Qg8 1-0

[Event "Znojemska Rotunda Open 2024 - turnaj A"]
[Site "Loucky klaster ve Znojme – Klasterni, 671 81 Znojmo (stukove saly)"]
[Date "2024.06.28"]
[Round "7.7"]
[White "Borkovec, Ondrej"]
[Black "Luc, Martin"]
[Result "1-0"]
[WhiteFideId "23733853"]
[BlackFideId "390356"]
[WhiteElo "1708"]
[BlackElo "1822"]
[EventDate "2024.06.23"]

1. d4 d5 2. c4 Nc6 3. Nf3 Nf6 4. cxd5 Nxd5 5. e4 Nf6 6. Nc3 Bg4 7. Bb5 a6 8.
Bxc6+ bxc6 9. Qa4 Bd7 10. Ne5 c5 11. Qc4 e6 12. dxc5 c6 13. Bg5 Qc7 14. Bxf6
gxf6 15. Nxd7 Qxd7 16. Na4 Bh6 17. Rd1 Qc7 18. Nb6 Rb8 19. O-O Qe5 20. Nd7 Qf4
21. Nxb8 Rg8 22. Qb3 Qxe4 23. g3 Bf4 24. Rfe1 Qf5 25. Nxc6 Bxg3 26. Rd8# 1-0

[Event "Znojemska Rotunda Open 2024 - turnaj A"]
[Site "Loucky klaster ve Znojme – Klasterni, 671 81 Znojmo (stukove saly)"]
[Date "2024.06.28"]
[Round "7.8"]
[White "Mikolas, Jakub"]
[Black "Molik, Jakub"]
[Result "1/2-1/2"]
[WhiteFideId "23767839"]
[BlackFideId "23732687"]
[WhiteElo "1708"]
[BlackElo "1657"]
[EventDate "2024.06.23"]

1. d4 Nf6 2. c4 e6 3. g3 c5 4. d5 exd5 5. cxd5 d6 6. Nc3 g6 7. e4 Bg7 8. Bg2
O-O 9. Nge2 Nbd7 10. O-O Re8 11. Qc2 a6 12. a4 Re7 13. Re1 Ne8 14. Bg5 Ndf6 15.
Nc1 Bd7 16. Nd3 h6 17. Bxf6 Bxf6 18. f4 Bg7 19. e5 c4 20. Nf2 dxe5 21. fxe5
Rxe5 22. Rxe5 Bxe5 23. Qe2 Qc7 24. Nfe4 Bg7 25. Kh1 Rc8 26. d6 Qb8 27. Nd5 Kh7
28. Nb6 Rd8 29. Nc5 Bc6 30. Bxc6 bxc6 31. d7 Nf6 32. a5 Nd5 33. Nxa6 Qe5 34.
Qxe5 Bxe5 35. Nc5 Bxb2 36. Rb1 c3 37. Nd3 Nxb6 38. Nxb2 Nxd7 39. Na4 Ra8 40.
Nb6 Nxb6 41. Rxb6 c5 42. Rb5 c2 43. Rxc5 c1=Q+ 44. Rxc1 Rxa5 45. Rc2 g5 46. Kg2
Kg6 47. Rf2 Rf5 48. Rd2 Rf6 49. h3 h5 50. g4 h4 51. Rd5 1/2-1/2

[Event "Znojemska Rotunda Open 2024 - turnaj A"]
[Site "Loucky klaster ve Znojme – Klasterni, 671 81 Znojmo (stukove saly)"]
[Date "2024.06.28"]
[Round "7.9"]
[White "Glacner, Karel"]
[Black "Hemala, Lubos"]
[Result "0-1"]
[WhiteFideId "326020"]
[BlackFideId "336564"]
[WhiteElo "1646"]
[BlackElo "1907"]
[EventDate "2024.06.23"]
[PlyCount "61"]

1. e4 e5 2. f4 d5 3. d4 Nf6 4. dxe5 Nxe4 5. Qd4 Bc5 6. Qa4+ c6 7. c3 Nf2 8. g3
Nxh1 9. Nf3 Nf2 10. Nd4 Ne4 11. Nd2 O-O 12. Nxe4 dxe4 13. Nb3 Bb6 14. Qxe4 Qd5
15. Qe2 f6 16. c4 Qd7 17. c5 Bc7 18. Qc4+ Qd5 19. Bd2 Kh8 20. O-O-O fxe5 21.
Qc3 exf4 22. Bxf4 Bxf4+ 23. Kc2 Bf5+ 24. Bd3 Bg5 25. Nd4 Bxd3+ 26. Rxd3 Rf2+
27. Ne2 Rxe2+ 28. Kd1 Rd2+ 29. Rxd2 Qxd2+ 30. Qxd2 Bxd2 31. Kxd2 0-1

[Event "Znojemska Rotunda Open 2024 - turnaj A"]
[Site "Loucky klaster ve Znojme – Klasterni, 671 81 Znojmo (stukove saly)"]
[Date "2024.06.28"]
[Round "7.10"]
[White "Vejlupek, Pavel"]
[Black "Marek, Jakub"]
[Result "0-1"]
[WhiteFideId "23759399"]
[BlackFideId "350702"]
[WhiteElo "1713"]
[BlackElo "1932"]
[EventDate "2024.06.23"]
[PlyCount "80"]

1. e4 c5 2. c3 Nc6 3. Nf3 a6 4. Na3 d6 5. Nc2 Nf6 6. d3 Bg4 7. Be2 e6 8. Bg5
Be7 9. O-O O-O 10. a3 h6 11. Bh4 d5 12. exd5 Nxd5 13. Bxe7 Qxe7 14. Ne3 Bh5 15.
Nxd5 exd5 16. b4 cxb4 17. axb4 Qf6 18. d4 Rfe8 19. Re1 Rac8 20. Qd2 Rc7 21. Kf1
Bg6 22. Bd3 Rce7 23. Bxg6 Rxe1+ 24. Rxe1 Rxe1+ 25. Nxe1 Qxg6 26. Nd3 b6 27. Qe3
Qe6 28. Qxe6 fxe6 29. Ke2 Kf7 30. Ke3 Kf6 31. f4 h5 32. h4 Kf5 33. Kf3 a5 34.
bxa5 bxa5 35. Nc5 Na7 36. Na4 Nb5 37. g3 Nd6 38. Nc5 Ne4 39. Na4 g6 40. Kg2 Kg4
 0-1

[Event "Znojemska Rotunda Open 2024 - turnaj A"]
[Site "Loucky klaster ve Znojme – Klasterni, 671 81 Znojmo (stukove saly)"]
[Date "2024.06.29"]
[Round "8.1"]
[White "Sanket, Chakravarty"]
[Black "Vyskocil, Neklan"]
[Result "1/2-1/2"]
[WhiteFideId "25032038"]
[BlackFideId "307106"]
[WhiteElo "2357"]
[BlackElo "2288"]
[EventDate "2024.06.23"]

1. c4 e6 2. g3 d5 3. Bg2 Nf6 4. Nf3 Be7 5. O-O O-O 6. b3 b6 7. Bb2 Bb7 8. cxd5
Nxd5 9. d4 Nf6 10. Nc3 Nbd7 11. Re1 c5 12. e4 cxd4 13. Nxd4 Ne5 14. Qe2 Bc5 15.
Red1 Bxd4 16. Nb5 Nc6 17. Nxd4 Nxd4 18. Rxd4 Qe7 19. Rad1 Rac8 20. Ra4 Bc6 21.
Ba3 Qb7 22. Bxf8 Bxa4 23. Bxg7 Kxg7 24. bxa4 e5 25. Bh3 Rc5 26. Bf5 Qc6 27. Rd8
Rc1+ 28. Kg2 Qc4 29. Rd3 Rc3 30. Re3 Qxe2 31. Rxe2 Ra3 32. f3 Rxa4 33. g4 b5
34. Kg3 b4 35. h4 h6 36. Rh2 Ra3 37. g5 1/2-1/2

[Event "Znojemska Rotunda Open 2024 - turnaj A"]
[Site "Loucky klaster ve Znojme – Klasterni, 671 81 Znojmo (stukove saly)"]
[Date "2024.06.29"]
[Round "8.3"]
[White "Adharsh, K"]
[Black "Manik, Mikulas"]
[Result "1/2-1/2"]
[WhiteFideId "25718207"]
[BlackFideId "14900734"]
[WhiteElo "1927"]
[BlackElo "2343"]
[EventDate "2024.06.23"]

1. e4 c5 2. Nf3 d6 3. d4 cxd4 4. Nxd4 Nf6 5. Nc3 Nc6 6. Bg5 e6 7. Qd2 a6 8.
O-O-O Bd7 9. f4 Be7 10. Nf3 b5 11. Bxf6 gxf6 12. g3 Qa5 13. Kb1 h5 14. Bh3 Rc8
15. f5 Ne5 16. Nxe5 fxe5 17. Rhf1 b4 18. Ne2 Qc5 19. Nc1 a5 20. Nd3 Qd4 21. Qe2
Qc4 22. b3 Qb5 23. Qf3 Qc6 24. Rf2 Qc3 25. fxe6 fxe6 26. Qf7+ Kd8 27. Rfd2 h4
28. Qg7 Rf8 29. Nb2 hxg3 30. hxg3 Rf3 31. Qg8+ Kc7 32. Qh7 Kd8 33. Na4 Qc6 34.
Nb2 Qc3 1/2-1/2

[Event "Znojemska Rotunda Open 2024 - turnaj A"]
[Site "Loucky klaster ve Znojme – Klasterni, 671 81 Znojmo (stukove saly)"]
[Date "2024.06.29"]
[Round "8.4"]
[White "Zemlicka, Vit"]
[Black "Dvorak, Libor"]
[Result "1-0"]
[WhiteFideId "303143"]
[BlackFideId "316598"]
[WhiteElo "1998"]
[BlackElo "1990"]
[EventDate "2024.06.23"]

1. e4 c5 2. Nf3 d6 3. d4 cxd4 4. Nxd4 Nf6 5. Nc3 g6 6. Be3 Bg7 7. f3 Nc6 8. Qd2
O-O 9. O-O-O d5 10. exd5 Nxd5 11. Nxc6 bxc6 12. Bd4 Nxc3 13. Qxc3 Bxd4 14. Rxd4
Qb6 15. h4 h5 16. g4 c5 17. Rd5 Bb7 18. Rg5 Qf6 19. gxh5 Qf4+ 20. Kb1 Bxf3 21.
Rhg1 Be4 22. Bc4 e6 23. hxg6 f6 24. Bxe6+ Kg7 25. Rxc5 Kh6 26. g7 Rfe8 27. Bf7
Re5 28. Rxe5 fxe5 29. g8=Q 1-0

[Event "Znojemska Rotunda Open 2024 - turnaj A"]
[Site "Loucky klaster ve Znojme – Klasterni, 671 81 Znojmo (stukove saly)"]
[Date "2024.06.29"]
[Round "8.5"]
[White "Molik, Zdenek"]
[Black "Svoboda, Frantisek"]
[Result "1-0"]
[WhiteFideId "314374"]
[BlackFideId "348937"]
[WhiteElo "2131"]
[BlackElo "1753"]
[EventDate "2024.06.23"]

1. e4 d5 2. exd5 Nf6 3. c4 e6 4. dxe6 Nc6 5. exf7+ Kxf7 6. Nf3 Bg4 7. Be2 Bxf3
8. gxf3 Bc5 9. d3 Re8 10. Nc3 Qd4 11. Be3 Rxe3 12. fxe3 Qxe3 13. Qd2 Qf2+ 14.
Kd1 Re8 15. Ne4 Qg2 16. Rf1 Bb4 17. Qe3 Nh5 18. Qg1 Nf4 19. Qxg2 Nxg2 20. Rg1
Ne3+ 21. Kc1 Nd4 22. Bd1 h6 23. a3 Bf8 24. Kd2 Nef5 25. f4 g6 26. b4 Bg7 27.
Rb1 Ne6 28. Rf1 Bd4 29. Rf3 Nxf4 30. Ba4 Rd8 31. Rbf1 Ng2 32. Ng3 Ke6 33. Nxf5
gxf5 34. Rg3 Nh4 35. c5 Bb2 36. Kc2 Be5 37. Rh3 Bf6 38. Bb3+ Ke5 39. Re3+ Kd4
40. Re6 Ng2 41. Rxf5 1-0

[Event "Znojemska Rotunda Open 2024 - turnaj A"]
[Site "Loucky klaster ve Znojme – Klasterni, 671 81 Znojmo (stukove saly)"]
[Date "2024.06.29"]
[Round "8.6"]
[White "Hemala, Lubos"]
[Black "Borkovec, Ondrej"]
[Result "1/2-1/2"]
[WhiteFideId "336564"]
[BlackFideId "23733853"]
[WhiteElo "1907"]
[BlackElo "1708"]
[EventDate "2024.06.23"]

1. e4 c5 2. Nf3 e6 3. c3 d5 4. exd5 Qxd5 5. d4 cxd4 6. Qxd4 Nf6 7. c4 Bb4+ 8.
Bd2 Qa5 9. Nc3 Nc6 10. Qd3 Ne5 11. Qe2 Ng6 12. a3 O-O 13. Rc1 Be7 14. Nb5 Qd8
15. h4 h5 16. Ne5 Nxe5 17. Qxe5 a6 18. Nc3 Ng4 19. Qe2 Bc5 20. Ne4 Bd4 21. Bc3
e5 22. Rd1 f5 23. f3 fxe4 24. Bxd4 exf3 25. gxf3 exd4 26. Kd2 Qa5+ 27. Kc1 Rd8
28. fxg4 Bxg4 29. Qd2 Qc7 30. Re1 b5 31. b3 bxc4 32. Bxc4+ Kh8 33. Kb2 a5 34.
Re4 Bf3 35. Rhe1 Bxe4 36. Rxe4 Qc5 37. Qf4 Rf8 38. Qg3 Rae8 39. Rxe8 Rxe8 40.
Qg6 Qe5 41. Bd3 Kg8 1/2-1/2

[Event "Znojemska Rotunda Open 2024 - turnaj A"]
[Site "Loucky klaster ve Znojme – Klasterni, 671 81 Znojmo (stukove saly)"]
[Date "2024.06.29"]
[Round "8.7"]
[White "Buchta, Vaclav"]
[Black "Molik, Jakub"]
[Result "1-0"]
[WhiteFideId "23739118"]
[BlackFideId "23732687"]
[WhiteElo "2099"]
[BlackElo "1657"]
[EventDate "2024.06.23"]

1. e4 c5 2. Nf3 d6 3. d4 cxd4 4. Nxd4 a6 5. c4 Nf6 6. Nc3 e6 7. Be3 Nbd7 8. Be2
Be7 9. O-O O-O 10. f3 b6 11. Nc6 Qe8 12. Na4 Bb7 13. Nxe7+ Qxe7 14. Nxb6 Nxb6
15. Bxb6 Rfb8 16. Bd4 Nd7 17. Bc3 Bc6 18. Qd4 e5 19. Qd2 Nc5 20. Rfd1 Na4 21.
Bb4 f6 22. b3 Nc5 23. Qxd6 Qxd6 24. Rxd6 Rxb4 25. Rxc6 1-0

[Event "Znojemska Rotunda Open 2024 - turnaj A"]
[Site "Loucky klaster ve Znojme – Klasterni, 671 81 Znojmo (stukove saly)"]
[Date "2024.06.29"]
[Round "8.8"]
[White "Luc, Martin"]
[Black "Mikolas, Jakub"]
[Result "1/2-1/2"]
[WhiteFideId "390356"]
[BlackFideId "23767839"]
[WhiteElo "1822"]
[BlackElo "1708"]
[EventDate "2024.06.23"]

1. e4 c5 2. Nf3 Nc6 3. d4 cxd4 4. Nxd4 Nf6 5. Nc3 e5 6. Ndb5 d6 7. Be3 a6 8.
Na3 b5 9. Nd5 Nxd5 10. exd5 Nb8 11. Be2 Be7 12. O-O O-O 13. c4 b4 14. Nc2 a5
15. f4 Bf6 16. f5 Nd7 17. Rc1 Bg5 18. Qd2 Bxe3+ 19. Nxe3 Qg5 20. Rf3 Nc5 21.
Rg3 Qe7 22. Bd3 1/2-1/2

[Event "Znojemska Rotunda Open 2024 - turnaj A"]
[Site "Loucky klaster ve Znojme – Klasterni, 671 81 Znojmo (stukove saly)"]
[Date "2024.06.29"]
[Round "8.10"]
[White "Vejlupek, Pavel"]
[Black "Glacner, Karel"]
[Result "0-1"]
[WhiteFideId "23759399"]
[BlackFideId "326020"]
[WhiteElo "1713"]
[BlackElo "1646"]
[EventDate "2024.06.23"]
[PlyCount "50"]

1. e4 e5 2. Bc4 Qg5 3. g3 d6 4. d3 Qd8 5. Nc3 c6 6. Bb3 Nf6 7. f4 Bg4 8. Nf3
Nbd7 9. f5 Bh3 10. a3 b5 11. Be3 h6 12. Qd2 a5 13. Ng1 b4 14. Nxh3 bxc3 15.
Qxc3 a4 16. Ba2 Ng4 17. Qd2 Rb8 18. Rb1 Nxe3 19. Qxe3 Nf6 20. Qa7 Nd7 21. Qxa4
Qb6 22. Qb3 Qe3+ 23. Kd1 Rxb3 24. Bxb3 Nc5 25. Ba2 Be7 0-1

[Event "Znojemska Rotunda Open 2024 - turnaj A"]
[Site "Loucky klaster ve Znojme – Klasterni, 671 81 Znojmo (stukove saly)"]
[Date "2024.06.30"]
[Round "9.1"]
[White "Manik, Mikulas"]
[Black "Sanket, Chakravarty"]
[Result "1/2-1/2"]
[WhiteFideId "14900734"]
[BlackFideId "25032038"]
[WhiteElo "2343"]
[BlackElo "2357"]
[EventDate "2024.06.23"]

1. e4 c5 2. Nf3 e6 3. d4 cxd4 4. Nxd4 Nf6 5. Nc3 Nc6 6. Be2 d6 7. O-O Be7 8.
Be3 O-O 9. f4 e5 10. Nxc6 bxc6 11. Kh1 Qc7 12. Qe1 exf4 13. Bxf4 Nd7 14. Qg3
Ne5 15. Bxe5 dxe5 16. Bc4 1/2-1/2

[Event "Znojemska Rotunda Open 2024 - turnaj A"]
[Site "Loucky klaster ve Znojme – Klasterni, 671 81 Znojmo (stukove saly)"]
[Date "2024.06.30"]
[Round "9.2"]
[White "Borkovec, Ondrej"]
[Black "Bures, Jaroslav"]
[Result "0-1"]
[WhiteFideId "23733853"]
[BlackFideId "322890"]
[WhiteElo "1708"]
[BlackElo "2418"]
[EventDate "2024.06.23"]

1. d4 Nf6 2. c4 c5 3. d5 b5 4. cxb5 a6 5. b6 e6 6. Nc3 Nxd5 7. Nxd5 exd5 8.
Qxd5 Nc6 9. e4 Be7 10. Bc4 O-O 11. Nf3 Qxb6 12. O-O d6 13. Ng5 Ne5 14. Be2 Bb7
15. Qb3 Qxb3 16. axb3 h6 17. Nf3 Nxf3+ 18. Bxf3 f5 19. Re1 Bh4 20. g3 Bf6 21.
Bg2 fxe4 22. Bf4 Bxb2 23. Bxd6 Bxa1 24. Bxf8 Bc3 25. Rc1 Bd2 0-1

[Event "Znojemska Rotunda Open 2024 - turnaj A"]
[Site "Loucky klaster ve Znojme – Klasterni, 671 81 Znojmo (stukove saly)"]
[Date "2024.06.30"]
[Round "9.3"]
[White "Vyskocil, Neklan"]
[Black "Zemlicka, Vit"]
[Result "1-0"]
[WhiteFideId "307106"]
[BlackFideId "303143"]
[WhiteElo "2288"]
[BlackElo "1998"]
[EventDate "2024.06.23"]

1. Nf3 g6 2. g3 Bg7 3. d4 d6 4. Bg2 Nf6 5. b3 O-O 6. Bb2 c5 7. O-O cxd4 8. Nxd4
d5 9. Nf3 Nc6 10. Nbd2 Re8 11. Ne5 Nxe5 12. Bxe5 Ng4 13. Bxg7 Kxg7 14. e4 dxe4
15. Nxe4 Qb6 16. c4 Bf5 17. c5 Qc7 18. Qd4+ Kg8 19. Nc3 Nf6 20. Rac1 Bd7 21.
Qb4 Bc6 22. Nb5 Qc8 23. Nd4 Bxg2 24. Kxg2 Qc7 25. c6 bxc6 26. Nxc6 Nd5 27. Qc5
e6 28. b4 a6 29. a3 Qb7 30. Kg1 Rac8 31. Qd6 Qc7 32. Qxc7 Rxc7 33. Rc5 Rec8 34.
Rfc1 Kg7 35. Kg2 h5 36. Kf3 Kf6 37. Ke4 Nb6 38. Ne5 1-0